Almacenamiento en atmósferas controladas de frutas y hortalizas /

Guardado en:
Autor Principal: Thompson, A. K.
Formato: Libro
Idioma:Undetermined
Publicado: Zaragoza : Acribia, 2003.
Etiquetas: Agregar Etiqueta
Sin Etiquetas, Sea el primero en etiquetar este registro!
LEADER 01136nam a22001575a 4500
001 EEA.libagro010377
005 20170919111748.0
008 150428s2003####xx############000#0#und#d
020 |a 8420010197 
082 0 4 |a 631.56 
100 1 |a Thompson, A. K.  |q (A. Keith) 
245 1 0 |a Almacenamiento en atmósferas controladas de frutas y hortalizas /  |c A.K. Thompson ; traducción de Alberto Ibarz Ribas, Jordi Pagán Gilabert. 
260 |a Zaragoza :  |b Acribia,  |c 2003. 
300 |a xiii, 273 p. :  |b il., fot. byn, tablas, gráf. ;  |c 24 cm. 
505 0 |a 1. Introducción -- 2. Uso actual del almacenamiento en atmósferas controladas para frutas y hortalizas -- 3. El efecto del almacenamiento en atm?sferas controladas sobre el sabor, la calidad y la fisiología -- 4. Efecto del almacenamiento en atmósferas controladas sobre las plagas y enfermedades -- 5. Influencia de factores medio-ambientales sobre el almacenamiento en atmósferas controladas -- 6. Envasado en atmósferas modificadas -- 7. Condiciones recomendadas en el almacenamiento en atmósferas controladas de productos seleccionados 
859 |a AR-BbBCA  |b BIB. AGRONOMIA  |h 631.56  |i T472  |p 2015/6510